Vista normal
Vista MARC
Entrada Topical Term
Número de registros utilizados en: 1
001 - CONTROL NUMBER
- control field: 9250
003 - CONTROL NUMBER IDENTIFIER
- control field: OSt
005 - DATE AND TIME OF LATEST TRANSACTION
- control field: 20200825172556.0
008 - FIXED-LENGTH DATA ELEMENTS
- fixed length control field: 200825|| aca||aabn | a|a d
040 ## - CATALOGING SOURCE
- Original cataloging agency: OSt
- Transcribing agency: OSt
150 ## - HEADING--TOPICAL TERM
- Topical term or geographic name entry element: Historia institucional
- General subdivision: Ministerio de Hacienda y Crédito Público
670 ## - SOURCE DATA FOUND
- Source citation: Work cat.: (OSt)4733: Flórez Porras, Juan Daniel, autor 9249, Historia Institucional del Ministerio de Hacienda y Crédito Público de la República de Colombia 1886-2006 : , 2009